000
00327nam a2200133Ia 4500
008
240624s9999 xx 000 0 und d
041
_a
eng
082
_a
005.57 WAL
100
_a
WALKENBACH JOHN
245
_a
MICROSOFT EXCEL 2010 BIBLE
260
_c
2012
_a
New Delhi
_b
Wiley India
300
_a
1056 : p.
365
_c
RS
_b
33.33
999
_c
21413
_d
21413